000
00288pam a2200133 a 4500
020
_c
041
_h
082
_b
KAC
100
_a
KACHOLE, D. D./SALUNKHE,
245
_a
"LOKASANKHYA AANI VIKAS
260
_b
KAILASH PUBLICATION. AURANGABAD
_c
2014
300
_a
376
930
_a
16663
999
_c
119262
_d
119262